LEADER 03465nam 22006252 450 001 9910136864503321 005 20160607112953.0 010 $a1-316-66819-3 010 $a1-316-66879-7 010 $a1-316-66889-4 010 $a1-316-66899-1 010 $a1-316-66939-4 010 $a1-316-66909-2 010 $a1-316-66929-7 010 $a1-316-42415-4 035 $a(CKB)3710000000729509 035 $a(SSID)ssj0001682161 035 $a(PQKBManifestationID)16506657 035 $a(PQKBTitleCode)TC0001682161 035 $a(PQKBWorkID)14978487 035 $a(PQKB)10121905 035 $a(UkCbUP)CR9781316424155 035 $a(MiAaPQ)EBC4522466 035 $a(EXLCZ)993710000000729509 100 $a20150415d2016|||| uy| 0 101 0 $aeng 135 $aur||||||||||| 181 $ctxt$2rdacontent 182 $cc$2rdamedia 183 $acr$2rdacarrier 200 10$aBiologically modified justice /$fColin Farrelly$b[electronic resource] 210 1$aCambridge :$cCambridge University Press,$d2016. 215 $a1 online resource (xix, 276 pages) $cdigital, PDF file(s) 300 $aTitle from publisher's bibliographic system (viewed on 06 Jun 2016). 311 $a1-107-12953-2 311 $a1-107-56851-X 320 $aIncludes bibliographical references and index. 327 $aThe Genetic Revolution -- Empirical Ethics and Singer's Principle of Preventing Bad Occurrences -- The Duty to Extend the Biological Warranty Period -- Equality and the Duty to Retard Human Aging -- Framing the Inborn Aging Process and Longevity Science -- Science and Justice -- Genetic Justice and the Limitations of Formulating Distributive "Ideals" -- Normative Theorizing about Genetics : A Response to Loi -- Gene Patents and Justice -- PGD and Reproductive Freedom -- Historical Materialism and Patriarchy. 330 $aTheories of distributive justice tend to focus on the issue of what constitutes a fair division of 'external' goods and opportunities; things like wealth and income, opportunities for education and basic liberties and rights. However, rapid advances in the biomedical sciences have ushered in a new era, one where the 'genetic lottery of life' can be directly influenced by humans in ways that would have been considered science fiction only a few decades ago. How should theories of justice be modified to take seriously the prospect of new biotechnologies, especially given the health challenges posed by global aging? Colin Farrelly addresses a host of topics, ranging from gene therapy and preimplantation genetic diagnosis, to an 'anti-aging' intervention and the creation and evolution of patriarchy. This book aims to foster the interdisciplinary dialogue needed to ensure we think rationally and cogently about science and science policy in the twenty-first century. 606 $aBiotechnology$xMoral and ethical aspects 606 $aAging$xMoral and ethical aspects 606 $aGenetics$xMoral and ethical aspects 606 $aDistributive justice 615 0$aBiotechnology$xMoral and ethical aspects. 615 0$aAging$xMoral and ethical aspects. 615 0$aGenetics$xMoral and ethical aspects. 615 0$aDistributive justice. 676 $a660.6 700 $aFarrelly$b Colin Patrick$01075064 801 0$bUkCbUP 801 1$bUkCbUP 906 $aBOOK 912 $a9910136864503321 996 $aBiologically modified justice$92583527 997 $aUNINA LEADER 00959nam0-2200277 --450 001 9910801500903321 005 20240206104139.0 010 $a9791259651891 020 $aIT$b2023-2859 100 $a20240206d2022----kmuy0itay5050 ba 101 0 $aita 102 $aIT 105 $a 001yy 200 1 $a<>protezione dei dati personali dei soggetti vulnerabili nella dimensione digitale$euno studio di diritto comparato$fValentina Vincenza Cuocci 210 $aBari$cCacucci$d2022 215 $aXV, 251 p.$d23 cm 225 1 $aUniversità degli studi di Foggia, Dipartimento di giurisprudenza$v54 676 $a342.40858$v23$zita 700 1$aCuocci,$bValentina Vincenza$0617985 801 0$aIT$bUNINA$gREICAT$2UNIMARC 901 $aBK 912 $a9910801500903321 952 $aXIX G 55$b2023/1467$fFGBC 959 $aFGBC 996 $aProtezione dei dati personali dei soggetti vulnerabili nella dimensione digitale$93875180 997 $aUNINA